[Event "World Rapid Championship"]
[Site "Moscow RUS"]
[Date "2019.12.28"]
[Round "12.5"]
[White "Ian Nepomniachtchi"]
[Black "Daniil Dubov"]
[Result "1/2-1/2"]
[EventDate "2019.12.26"]
[WhiteElo "2767"]
[BlackElo "2690"]
[PlyCount "56"]

1. e4 c5 2. Nf3 Nc6 3. d4 cxd4 4. Nxd4 e5 5. Nb5 d6 6. N1c3 Nf6 7. Nd5 Nxd5 8. exd5 Ne7 9. c4 Ng6 10. Qa4 Bd7 11. Qb4 Bf5 12. h4 Be7 13. h5 Nf4 14. Be3 a6 15. Nc3 Nd3+ 16. Bxd3 Bxd3 17. h6 O-O 18. Rd1 Bg6 19. hxg7 Re8 20. b3 Bg5 21. Bxg5 Qxg5 22. O-O Bf5 23. Qxd6 Bh3 24. g3 Qf5 25. Qh6 Bxf1 26. Kxf1 Rad8 27. c5 e4 28. Qe3 Re5 1/2-1/2

[Event "World Rapid Championship"]
[Site "Moscow RUS"]
[Date "2019.12.28"]
[Round "13.8"]
[White "Daniil Dubov"]
[Black "Anton Guijarro, David"]
[Result "1/2-1/2"]
[EventDate "2019.12.26"]
[WhiteElo "2690"]
[BlackElo "2685"]
[PlyCount "84"]

1. d4 f5 2. g3 Nf6 3. Bg2 g6 4. Nd2 Bg7 5. e4 fxe4 6. Nxe4 Nxe4 7. Bxe4 d5 8. Bg2 Nc6 9. Nf3 O-O 10. c3 Bf5 11. Nh4 Be6 12. f4 Qd7 13. O-O Bh3 14. Be3 Bxg2 15. Kxg2 e6 16. Qd3 Ne7 17. Rae1 Nf5 18. Nf3 Rae8 19. Re2 Nd6 20. Rfe1 Qf7 21. Bc1 Qf5 22. Qd1 Bf6 23. h3 h5 24. Nh2 Bg7 25. g4 Qf7 26. Nf3 Ne4 27. Qc2 hxg4 28. hxg4 e5 29. dxe5 Qd7 30. Kh3 Bxe5 31. Rxe4 dxe4 32. Rxe4 Bf6 33. Kg3 Qf7 34. Be3 Rxe4 35. Qxe4 Re8 36. Qd3 Rd8 37. Qe4 Qe8 38. Qc4+ Qf7 39. Qe4 Re8 40. Qd3 Rd8 41. Qe4 Re8 42. Qd3 Rd8 1/2-1/2

[Event "World Rapid Championship"]
[Site "Moscow RUS"]
[Date "2019.12.28"]
[Round "14.7"]
[White "Daniil Dubov"]
[Black "Peter Svidler"]
[Result "1-0"]
[EventDate "2019.12.26"]
[WhiteElo "2690"]
[BlackElo "2723"]
[PlyCount "54"]

1. c4 g6 2. d4 Nf6 3. Nc3 d5 4. Bf4 Bg7 5. e3 c5 6. dxc5 Qa5 7. Rc1 dxc4 8. Bxc4 O-O 9. Nf3 Qxc5 10. Bb3 Qa5 11. O-O Nc6 12. h3 Bf5 13. Nd4 Bd7 14. Nf3 Bf5 15. Qe2 Ne4 16. Nd5 e5 17. Bg5 Nxg5 18. Nxg5 Qd8 19. h4 h6 20. g4 Bc8 21. Ne4 Be6 22. Rcd1 Qxh4 23. f3 Rad8 24. g5 hxg5 25. Rf2 Nd4 26. Ne7+ Kh7 27. exd4 1-0

[Event "World Rapid Championship"]
[Site "Moscow RUS"]
[Date "2019.12.28"]
[Round "15"]
[White "Vladislav Artemiev"]
[Black "Daniil Dubov"]
[Result "1/2-1/2"]
[EventDate "2019.12.26"]
[WhiteElo "2756"]
[BlackElo "2752"]
[PlyCount "24"]

1. Nf3 Nf6 2. c4 c5 3. g3 b6 4. Bg2 Bb7 5. O-O g6 6. b3 Bg7 7. Bb2 d5 8. cxd5 O-O 9. Bxf6 exf6 10. Nc3 f5 11. d4 Na6 12. Rc1 Rc8 1/2-1/2

[Event "World Rapid Championship"]
[Site "Moscow RUS"]
[Date "2019.12.27"]
[Round "6.5"]
[White "Daniil Dubov"]
[Black "Gadir Guseinov"]
[Result "1/2-1/2"]
[EventDate "2019.12.26"]
[WhiteElo "2690"]
[BlackElo "2666"]
[PlyCount "144"]

1. d4 Nf6 2. c4 g6 3. Nc3 Bg7 4. e4 d6 5. f4 O-O 6. Nf3 e5 7. fxe5 dxe5 8. d5 Na6 9. Bd3 c6 10. O-O cxd5 11. cxd5 Nc5 12. Be3 b6 13. Kh1 Bg4 14. h3 Bxf3 15. Rxf3 Nxd3 16. Qxd3 Ne8 17. Raf1 Nd6 18. Nb5 Qd7 19. Nxd6 Qxd6 20. g4 Rac8 21. Kg2 Rc7 22. R1f2 Qb4 23. Bg5 Rd7 24. Rc2 f5 25. gxf5 gxf5 26. Rxf5 Rxf5 27. exf5 Qd4 28. Rc8+ Kf7 29. Qe2 Qxd5+ 30. Kh2 Qd1 31. Qc4+ Qd5 32. Qg4 Qd1 33. Rc7 Kg8 34. Rc8+ Kf7 35. Rc7 Kg8 36. Rxd7 Qxd7 37. Qc4+ Qf7 38. Qc8+ Bf8 39. Qe6 h6 40. Bh4 Qxe6 41. fxe6 Bc5 42. Kg3 e4 43. Bf6 Kf8 44. Kf4 e3 45. Kf3 a5 46. a4 Ke8 47. Bg7 h5 48. Bh6 Ke7 49. Bxe3 Kxe6 50. Bxc5 bxc5 51. Kf4 Kd5 52. Kg5 Kc4 53. Kxh5 Kb3 54. h4 c4 55. Kg4 Kxb2 56. h5 c3 57. h6 c2 58. h7 c1=Q 59. h8=Q+ Kb3 60. Qd4 Qc6 61. Qd1+ Kb4 62. Qd4+ Ka3 63. Qa1+ Kb3 64. Qd1+ Kb4 65. Qd4+ Qc4 66. Qxc4+ Kxc4 67. Kf3 Kb3 68. Ke2 Kxa4 69. Kd1 Kb3 70. Kc1 a4 71. Kb1 a3 72. Ka1 a2 1/2-1/2

[Event "World Rapid Championship"]
[Site "Moscow RUS"]
[Date "2019.12.27"]
[Round "7.5"]
[White "Viktor Laznicka"]
[Black "Daniil Dubov"]
[Result "1/2-1/2"]
[EventDate "2019.12.26"]
[WhiteElo "2648"]
[BlackElo "2690"]
[PlyCount "34"]

1. d4 Nf6 2. Bg5 d5 3. e3 Bg4 4. Be2 Bxe2 5. Qxe2 Nbd7 6. Nf3 e6 7. O-O Be7 8. c4 dxc4 9. Qxc4 O-O 10. Nc3 c6 11. Rad1 Nd5 12. Bxe7 Qxe7 13. Ne2 Rac8 14. e4 N5b6 15. Qc2 Rfd8 16. Nc3 c5 17. Qe2 cxd4 1/2-1/2

[Event "World Rapid Championship"]
[Site "Moscow RUS"]
[Date "2019.12.27"]
[Round "8.7"]
[White "Alexei Shirov"]
[Black "Daniil Dubov"]
[Result "1/2-1/2"]
[EventDate "2019.12.26"]
[WhiteElo "2684"]
[BlackElo "2690"]
[PlyCount "40"]

1. e4 c5 2. Nf3 Nc6 3. d4 cxd4 4. Nxd4 Nf6 5. Nc3 e5 6. Ndb5 d6 7. Bg5 a6 8. Na3 b5 9. Nd5 Be7 10. Bxf6 Bxf6 11. c3 Rb8 12. Nc2 Bg5 13. a4 bxa4 14. Ncb4 Nxb4 15. cxb4 Bd7 16. Bxa6 O-O 17. O-O Qe8 18. Nc7 Qd8 19. Nd5 Qe8 20. Nc7 1/2-1/2

[Event "World Rapid Championship"]
[Site "Moscow RUS"]
[Date "2019.12.27"]
[Round "9.10"]
[White "Daniil Dubov"]
[Black "Vallejo Pons, Francisco"]
[Result "1/2-1/2"]
[EventDate "2019.12.26"]
[WhiteElo "2690"]
[BlackElo "2704"]
[PlyCount "56"]

1. c4 e6 2. Nc3 d5 3. d4 a6 4. cxd5 exd5 5. Nf3 c6 6. Bf4 Bd6 7. Bg3 Ne7 8. e3 O-O 9. Qb3 Ra7 10. Be2 a5 11. a3 Nf5 12. Bd3 Nxg3 13. hxg3 h6 14. Qc2 Re8 15. Bh7+ Kf8 16. Bf5 Bxf5 17. Qxf5 Nd7 18. Qh7 Nf6 19. Qh8+ Ng8 20. Ne2 Qf6 21. Nf4 Bxf4 22. gxf4 Qxf4 23. O-O-O Qf6 24. Ne5 b6 25. Rh3 Rxe5 26. dxe5 Qxf2 27. e6 Qxg2 28. Rhh1 Qe4 1/2-1/2

[Event "World Rapid Championship"]
[Site "Moscow RUS"]
[Date "2019.12.27"]
[Round "10.9"]
[White "Daniil Dubov"]
[Black "Aleksandr Rakhmanov"]
[Result "1/2-1/2"]
[EventDate "2019.12.26"]
[WhiteElo "2690"]
[BlackElo "2645"]
[PlyCount "124"]

1. g3 d5 2. Nf3 g6 3. Bg2 Bg7 4. d4 Nf6 5. O-O O-O 6. Bf4 c6 7. Qc1 Bf5 8. c4 Nbd7 9. Nc3 Rc8 10. Bh6 Be4 11. Bxg7 Kxg7 12. Nxe4 Nxe4 13. Qc2 e6 14. Rfd1 Qe7 15. Rac1 Rcd8 16. e3 Nef6 17. a3 a5 18. Qb3 Rb8 19. Ne1 h5 20. Nf3 Ne4 21. Ne5 Nxe5 22. dxe5 Nc5 23. Qc3 b6 24. b4 axb4 25. axb4 Na4 26. Qb3 b5 27. cxb5 cxb5 28. Bf1 Qe8 29. h4 Nb6 30. Rc5 Na4 31. Rc7 Nb6 32. Qc3 Na4 33. Qd4 Nb6 34. Ra1 Nc4 35. Qf4 Ra8 36. Qf6+ Kg8 37. Rxa8 Qxa8 38. g4 Qb8 39. Rc5 Nxe5 40. Rxb5 Nxg4 41. Rxb8 Nxf6 42. Rb7 Ne4 43. Bd3 Rc8 44. Bxe4 dxe4 45. b5 Kg7 46. Kg2 Rc2 47. Kg3 Rb2 48. Kg2 Kf6 49. Kg3 Kg7 50. Kg2 g5 51. hxg5 Kg6 52. Kg3 h4+ 53. Kg2 h3+ 54. Kxh3 Rxf2 55. Kg4 Rf3 56. b6 Rxe3 57. Kf4 Re1 58. Rc7 Rb1 59. b7 Rb4 60. Re7 Kg7 61. Rc7 Kg6 62. Re7 1/2-1/2

[Event "World Rapid Championship"]
[Site "Moscow RUS"]
[Date "2019.12.26"]
[Round "1.11"]
[White "Daniil Dubov"]
[Black "Kacper Piorun"]
[Result "1-0"]
[EventDate "2019.12.26"]
[WhiteElo "2690"]
[BlackElo "2611"]
[PlyCount "88"]

1. c4 e5 2. Nc3 Bb4 3. Nd5 Bd6 4. g3 c6 5. Nc3 Nf6 6. Bg2 O-O 7. e4 Bc5 8. Nge2 d6 9. O-O Be6 10. d3 a6 11. h3 b5 12. b3 Qb6 13. Qe1 a5 14. Kh2 a4 15. Rb1 axb3 16. axb3 bxc4 17. bxc4 Qc7 18. f4 Na6 19. f5 Bd7 20. Bg5 Rfb8 21. Rxb8+ Qxb8 22. Bxf6 gxf6 23. g4 Be3 24. Ng3 Bh6 25. Nh5 Qd8 26. Qh4 Bg5 27. Qg3 Nc5 28. h4 Bh6 29. Rf3 Kh8 30. Ne2 Ra2 31. Ng1 Nb3 32. Nh3 Nd4 33. Rf2 Ne2 34. Qf3 Nd4 35. Qd1 Rxf2 36. Nxf2 Kg8 37. g5 fxg5 38. Qd2 Bf8 39. Ng4 Be7 40. f6 Bf8 41. Qxg5+ Kh8 42. Qg7+ Bxg7 43. fxg7+ Kg8 44. Nh6# 1-0

[Event "World Rapid Championship"]
[Site "Moscow RUS"]
[Date "2019.12.26"]
[Round "3.18"]
[White "Daniil Dubov"]
[Black "Evgeniy Najer"]
[Result "1-0"]
[EventDate "2019.12.26"]
[WhiteElo "2690"]
[BlackElo "2661"]
[PlyCount "62"]

1. d4 Nf6 2. c4 e6 3. Nf3 d5 4. g3 Bb4+ 5. Nc3 O-O 6. Bg2 dxc4 7. O-O Nc6 8. Qa4 Nd5 9. Qc2 Be7 10. Rd1 Ncb4 11. Qd2 c5 12. dxc5 Qc7 13. a3 Na6 14. Qc2 Nxc5 15. Nxd5 exd5 16. Bf4 Qb6 17. Rxd5 Be6 18. Ng5 Bxg5 19. Rxg5 f6 20. Rh5 g6 21. Rh6 Kg7 22. Rh4 Rf7 23. Bh6+ Kg8 24. Be3 Qb3 25. Qxb3 Nxb3 26. Rd1 Re7 27. Re4 Kf7 28. Rd6 f5 29. Rexe6 Rxe6 30. Bd5 Re8 31. Bxc4 1-0

[Event "World Rapid Championship"]
[Site "Moscow RUS"]
[Date "2019.12.26"]
[Round "4.8"]
[White "Maxim Turov"]
[Black "Daniil Dubov"]
[Result "0-1"]
[EventDate "2019.12.26"]
[WhiteElo "2574"]
[BlackElo "2690"]
[PlyCount "44"]

1. d4 Nf6 2. Nf3 g6 3. g3 d5 4. Bg2 Bg7 5. O-O O-O 6. c4 c6 7. Qb3 dxc4 8. Qxc4 b5 9. Qc2 Bf5 10. Qd1 c5 11. Nc3 Nc6 12. dxc5 b4 13. Nb5 Ne4 14. Ng5 Qa5 15. Nxe4 Qxb5 16. e3 Rfd8 17. Qc2 Rac8 18. Bd2 Qe2 19. Rad1 Ne5 20. f4 Ng4 21. Rfe1 Bxe4 22. Qxe4 Qf2+ 0-1

[Event "World Rapid Championship"]
[Site "Moscow RUS"]
[Date "2019.12.26"]
[Round "5.4"]
[White "Daniil Dubov"]
[Black "Alexander Zubov"]
[Result "1/2-1/2"]
[EventDate "2019.12.26"]
[WhiteElo "2690"]
[BlackElo "2601"]
[PlyCount "42"]

1. d4 d5 2. c4 dxc4 3. Nf3 Nf6 4. e3 e6 5. Bxc4 a6 6. Qe2 b5 7. Bd3 c5 8. dxc5 Bxc5 9. O-O Nc6 10. Rd1 Qc7 11. a4 bxa4 12. Nc3 Nb4 13. Bb1 O-O 14. Nxa4 Ba7 15. Bd2 a5 16. Rc1 Qe7 17. Bxb4 Qxb4 18. Ne5 Bb7 19. Nc6 Bxc6 20. Rxc6 Rac8 21. Rxc8 1/2-1/2

[Event "Grand Prix Hamburg"]
[Site "Hamburg GER"]
[Date "2019.11.13"]
[Round "3.6"]
[White "Jan-Krzysztof Duda"]
[Black "Daniil Dubov"]
[Result "1-0"]
[EventDate "2019.11.05"]
[WhiteElo "2748"]
[BlackElo "2676"]
[PlyCount "119"]

1. d4 Nf6 2. c3 g6 3. Bg5 Bg7 4. Nd2 d5 5. e3 O-O 6. Ngf3 Nbd7 7. Be2 Re8 8. Qb3 c6 9. O-O e5 10. Rfd1 h6 11. Bh4 Qe7 12. Rac1 exd4 13. cxd4 a5 14. h3 Qb4 15. Qc2 Ne4 16. Nxe4 Rxe4 17. Bd3 Re8 18. a3 Qf8 19. Rb1 a4 20. Bg3 Nf6 21. Ne5 Be6 22. Rf1 Ne4 23. Bh2 Qe7 24. Rbc1 Nd6 25. Qc5 Nf5 26. Qb6 Nh4 27. Bg3 Nf5 28. Bh2 Nh4 29. Bg3 Nf5 30. Bf4 Nh4 31. Rc5 Bxe5 32. dxe5 Bf5 33. Be2 g5 34. Bg3 Ng6 35. f4 gxf4 36. exf4 d4 37. Rd1 Rad8 38. Rc4 d3 39. Bf3 Nh4 40. Bxh4 Qxh4 41. Qf2 Qxf2+ 42. Kxf2 Be6 43. Rc3 d2 44. Ke3 f6 45. Rxd2 fxe5 46. fxe5 Rxd2 47. Kxd2 Bd5 48. Bxd5+ cxd5 49. Rc7 Rxe5 50. Rxb7 Rf5 51. Ke3 Re5+ 52. Kd4 Rg5 53. g4 h5 54. gxh5 Rxh5 55. Kc5 Rxh3 56. Kxd5 Kf8 57. Kc5 Ke8 58. Rb4 Rh5+ 59. Kb6 Rh2 60. Kb5 1-0

[Event "European Team Championship"]
[Site "Batumi GEO"]
[Date "2019.11.02"]
[Round "9.2"]
[White "Kamil Dragun"]
[Black "Daniil Dubov"]
[Result "1/2-1/2"]
[EventDate "2019.10.24"]
[WhiteElo "2584"]
[BlackElo "2699"]
[PlyCount "52"]

1. c4 e5 2. g3 Nc6 3. Bg2 h5 4. Nc3 h4 5. e3 Nf6 6. d4 Bb4 7. d5 Na5 8. Qa4 Qe7 9. Nf3 hxg3 10. fxg3 Nxc4 11. O-O Nb6 12. Qb3 Bxc3 13. bxc3 d6 14. Nh4 Nfd7 15. Ba3 Rxh4 16. gxh4 Qxh4 17. e4 Nf6 18. c4 Nxe4 19. Rae1 Ng5 20. c5 Nc4 21. cxd6 cxd6 22. Bc1 Nh3+ 23. Kh1 Nf2+ 24. Kg1 Nh3+ 25. Kh1 Nf2+ 26. Kg1 Nh3+ 1/2-1/2

[Event "European Team Championship"]
[Site "Batumi GEO"]
[Date "2019.10.31"]
[Round "7.1"]
[White "Daniil Dubov"]
[Black "Rasmus Svane"]
[Result "1-0"]
[EventDate "2019.10.24"]
[WhiteElo "2699"]
[BlackElo "2592"]
[PlyCount "77"]

1. c4 e6 2. Nc3 d5 3. d4 Nf6 4. Nf3 Be7 5. Bf4 O-O 6. e3 b6 7. Qc2 Ba6 8. O-O-O dxc4 9. Ng5 Nc6 10. a3 g6 11. h4 Bd6 12. g3 Qe7 13. h5 e5 14. hxg6 hxg6 15. Bg2 exf4 16. Bxc6 fxg3 17. Kb1 Rad8 18. f4 Bc8 19. Rde1 Kg7 20. Nd5 Nxd5 21. Rh7+ Kg8 22. Rxf7 Rxf7 23. Qxg6+ Kf8 24. Qh6+ Rg7 25. Bxd5 Ke8 26. Qh5+ Kd7 27. Qh3+ Ke8 28. Qh5+ Kd7 29. Be6+ Kc6 30. Qf3+ Kb5 31. Bxc4+ Ka5 32. Qd5+ Bc5 33. b4+ Ka4 34. Qg2 Bxb4 35. Qc6+ Kxa3 36. Bb3 Bd7 37. Qc1+ Kxb3 38. Qc2+ Ka3 39. Qa2# 1-0

[Event "European Team Championship"]
[Site "Batumi GEO"]
[Date "2019.10.30"]
[Round "6.1"]
[White "Alexander Moiseenko"]
[Black "Daniil Dubov"]
[Result "1/2-1/2"]
[EventDate "2019.10.24"]
[WhiteElo "2635"]
[BlackElo "2699"]
[PlyCount "44"]

1. d4 Nf6 2. c4 g6 3. Nc3 d5 4. Bg5 Ne4 5. Bh4 g5 6. Bg3 h5 7. f3 h4 8. Bf2 Nxf2 9. Kxf2 c5 10. cxd5 Bg7 11. dxc5 Na6 12. e3 Nxc5 13. Bb5+ Kf8 14. Nge2 a6 15. Bd3 g4 16. b4 Nd7 17. fxg4 Ne5 18. h3 Bxg4 19. hxg4 Nxg4+ 20. Kf3 Ne5+ 21. Kf2 Ng4+ 22. Kf3 Ne5+ 1/2-1/2

[Event "European Team Championship"]
[Site "Batumi GEO"]
[Date "2019.10.28"]
[Round "5.1"]
[White "Arman Pashikian"]
[Black "Daniil Dubov"]
[Result "0-1"]
[EventDate "2019.10.24"]
[WhiteElo "2599"]
[BlackElo "2699"]
[PlyCount "78"]

1. d4 f5 2. Nf3 Nf6 3. g3 g6 4. Bg2 Bg7 5. O-O O-O 6. c4 d6 7. Nc3 c6 8. b3 Na6 9. Re1 Qc7 10. Ba3 Qa5 11. Bb2 f4 12. Qd2 fxg3 13. hxg3 Ng4 14. d5 cxd5 15. Qxd5+ Qxd5 16. cxd5 Bd7 17. Rab1 Rac8 18. Ne4 Nb4 19. Bxg7 Kxg7 20. Nd4 Nc2 21. Red1 Nxd4 22. Rxd4 Rc2 23. Ng5 Nxf2 24. Bf3 h6 25. Kxf2 hxg5 26. Re4 g4 27. Rxe7+ Kh6 28. Rxd7 Rxf3+ 29. Kg1 Rxg3+ 30. Kf1 Rh3 31. Kg1 Rxe2 32. Rxd6 Rhh2 33. Rd7 Reg2+ 34. Kf1 Rxa2 35. Kg1 Rag2+ 36. Kf1 Rg3 37. Re1 Rxb3 38. Kg1 Rd2 39. d6 Rb6 0-1

[Event "European Team Championship"]
[Site "Batumi GEO"]
[Date "2019.10.27"]
[Round "4.3"]
[White "Daniil Dubov"]
[Black "Muhammed Batuhan Dastan"]
[Result "1-0"]
[EventDate "2019.10.24"]
[WhiteElo "2699"]
[BlackElo "2577"]
[PlyCount "63"]

1. Nf3 d5 2. g3 g6 3. Bg2 Bg7 4. d4 c6 5. O-O Nf6 6. c4 dxc4 7. Nc3 O-O 8. e4 Bg4 9. h3 Bxf3 10. Bxf3 e5 11. dxe5 Nfd7 12. e6 fxe6 13. Be3 Ne5 14. Be2 Qe7 15. f4 Nd3 16. e5 Na6 17. Ne4 Rfd8 18. Qc2 b5 19. a3 Nc7 20. b3 Nd5 21. Bd2 Nb6 22. bxc4 bxc4 23. Bf3 Rab8 24. Kh1 Rd7 25. Be3 Nd5 26. Bg1 Nb6 27. h4 Rf8 28. Bg2 h6 29. Bh3 Rd5 30. a4 Nb4 31. Qe2 Rd3 32. Bc5 1-0

[Event "European Team Championship"]
[Site "Batumi GEO"]
[Date "2019.10.25"]
[Round "2.8"]
[White "Daniil Dubov"]
[Black "Davit Shengelia"]
[Result "1/2-1/2"]
[EventDate "2019.10.24"]
[WhiteElo "2699"]
[BlackElo "2531"]
[PlyCount "57"]

1. e4 c5 2. Nf3 d6 3. d4 cxd4 4. Nxd4 Nf6 5. Nc3 a6 6. Be3 e5 7. Nf3 Be7 8. Bc4 O-O 9. O-O h6 10. Nh4 Kh7 11. Nf5 Be6 12. Bb3 Nc6 13. Qf3 Na5 14. Rfd1 Nxb3 15. axb3 Rc8 16. Rd3 Qd7 17. Nxe7 Qxe7 18. Qd1 Rc6 19. f3 Rfc8 20. Qe1 b5 21. b4 Qc7 22. Kh1 Nd7 23. Rad1 Nb6 24. f4 f6 25. f5 Bc4 26. R3d2 Bf7 27. Rd3 Bc4 28. R3d2 Bf7 29. Rd3 1/2-1/2

[Event "Isle of Man Grand Swiss"]
[Site "Douglas IMN"]
[Date "2019.10.21"]
[Round "11.52"]
[White "Niclas Huschenbeth"]
[Black "Daniil Dubov"]
[Result "0-1"]
[EventDate "2019.10.10"]
[WhiteElo "2624"]
[BlackElo "2699"]
[PlyCount "60"]

1. e4 e5 2. Nf3 Nc6 3. Bc4 Nf6 4. d4 exd4 5. e5 d5 6. Bb5 Ne4 7. Nxd4 Bd7 8. Bxc6 bxc6 9. O-O Be7 10. f3 Nc5 11. f4 Ne4 12. f5 c5 13. Nb3 Bb5 14. Re1 Bh4 15. g3 Nxg3 16. hxg3 Bxg3 17. Nc3 Qh4 18. Re2 Bxe2 19. Qxe2 O-O 20. Nxc5 Bxe5 21. Nd3 Rfe8 22. Qg2 Bd4+ 23. Kf1 Qh5 24. Nf4 Qxf5 25. Qxd5 Qf6 26. Ne4 Qa6+ 27. Nd3 Rad8 28. Qf5 Qc6 29. Ndf2 Re5 30. Qf4 Rde8 0-1

[Event "Isle of Man Grand Swiss"]
[Site "Douglas IMN"]
[Date "2019.10.18"]
[Round "8.62"]
[White "David Gavrilescu"]
[Black "Daniil Dubov"]
[Result "1/2-1/2"]
[EventDate "2019.10.10"]
[WhiteElo "2451"]
[BlackElo "2699"]
[PlyCount "72"]

1. e4 c5 2. Nf3 Nc6 3. Bb5 g6 4. O-O Bg7 5. c3 a6 6. Bxc6 dxc6 7. d3 Nf6 8. Re1 O-O 9. h3 b6 10. Bf4 Re8 11. Na3 Nd7 12. Nc4 e5 13. Bg3 b5 14. Ne3 Nb6 15. Qc2 a5 16. Rad1 Qe7 17. Bh4 Qe6 18. Ng5 Qd6 19. Nf3 Qe6 20. Ng5 Qd7 21. Nf3 h5 22. d4 exd4 23. cxd4 c4 24. Ne5 Qc7 25. Bg3 Qb7 26. f4 Nd7 27. f5 c5 28. Nxf7 Qxe4 29. Qc1 Bxd4 30. Rxd4 Qxd4 31. fxg6 Nf8 32. Bf2 Qg7 33. Nd5 Be6 34. Nc7 Nxg6 35. Nh6+ Kh7 36. Nf5 Bxf5 1/2-1/2

[Event "Isle of Man Grand Swiss"]
[Site "Douglas IMN"]
[Date "2019.10.17"]
[Round "7.63"]
[White "Daniil Dubov"]
[Black "Batkhuyag Munguntuul"]
[Result "1/2-1/2"]
[EventDate "2019.10.10"]
[WhiteElo "2699"]
[BlackElo "2421"]
[PlyCount "99"]

1. e4 c5 2. Nf3 e6 3. Nc3 Nc6 4. Bb5 Nd4 5. O-O a6 6. Bd3 Ne7 7. Nxd4 cxd4 8. Ne2 Nc6 9. c3 Bc5 10. b4 Ba7 11. cxd4 Nxd4 12. Bb2 Nxe2+ 13. Qxe2 O-O 14. Kh1 d5 15. f4 dxe4 16. Bxe4 Bd4 17. Bxh7+ Kxh7 18. Qd3+ Kg8 19. Bxd4 Qd5 20. Qe3 Bd7 21. Rf3 f6 22. Rg3 Bc6 23. Re1 Rad8 24. Bc3 Kf7 25. h3 Rh8 26. Kh2 Rd7 27. Re2 Qf5 28. Rf2 Rhd8 29. Qe2 Rd3 30. Re3 R8d7 31. a4 Rd8 32. a5 R8d7 33. Qe1 Rd8 34. Qf1 Bb5 35. Qe1 Bc6 36. Kg1 R8d7 37. Rfe2 Rxe3 38. dxe3 Rd3 39. Bd4 Qe4 40. Kh2 Bb5 41. Bc5 Bc6 42. Qh4 Kg8 43. Rf2 Rd1 44. Qg4 Rd3 45. Bd4 Kf7 46. Qh5+ Qg6 47. Qh8 Rd1 48. Rb2 Qd3 49. Bc5 Qf1 50. Qh5+ 1/2-1/2

[Event "Isle of Man Grand Swiss"]
[Site "Douglas IMN"]
[Date "2019.10.13"]
[Round "3.34"]
[White "Daniil Dubov"]
[Black "Sunilduth Lyna Narayanan"]
[Result "1/2-1/2"]
[EventDate "2019.10.10"]
[WhiteElo "2699"]
[BlackElo "2611"]
[PlyCount "100"]

1. Nf3 d5 2. d4 Nf6 3. c4 e6 4. Bg5 dxc4 5. e4 c5 6. Bxc4 cxd4 7. O-O Nc6 8. Re1 Be7 9. e5 Nd7 10. Bxe7 Qxe7 11. Nbd2 O-O 12. Rc1 Rd8 13. h4 Nc5 14. a3 a5 15. h5 b6 16. h6 g6 17. Bb5 Bb7 18. b4 axb4 19. Bxc6 Bxc6 20. axb4 Ba4 21. Qe2 Nb3 22. Nxb3 Bxb3 23. Qd2 Bd5 24. Ng5 Rd7 25. Ra1 Rb8 26. Ra3 Rc8 27. Rd3 Bb7 28. Rd1 Rc4 29. b5 f6 30. exf6 Qxf6 31. Re1 Bd5 32. Nf3 Bxf3 33. Rxf3 Qe7 34. Rf4 Rd6 35. Rfe4 Qd7 36. Qa2 Qc8 37. R1e2 Rc1+ 38. Kh2 Qf8 39. Qd2 Rc5 40. Rxe6 Rxe6 41. Rxe6 Rh5+ 42. Kg1 Qxh6 43. Qxh6 Rxh6 44. Rxb6 Rh5 45. Rb8+ Kf7 46. b6 Rb5 47. Kf1 h5 48. Ke2 Rb3 49. Kd2 d3 50. b7 Kg7 1/2-1/2

[Event "Isle of Man Grand Swiss"]
[Site "Douglas IMN"]
[Date "2019.10.13"]
[Round "4.36"]
[White "Aleksandr Rakhmanov"]
[Black "Daniil Dubov"]
[Result "1-0"]
[EventDate "2019.10.10"]
[WhiteElo "2621"]
[BlackElo "2699"]
[PlyCount "79"]

1. Nf3 d5 2. g3 g6 3. d4 Bg7 4. Bg2 Nf6 5. O-O O-O 6. c4 dxc4 7. Na3 c3 8. bxc3 c5 9. Ne5 Nc6 10. Nxc6 bxc6 11. Nc4 cxd4 12. cxd4 Be6 13. Ne5 Bd5 14. Ba3 Bxg2 15. Kxg2 Qd5+ 16. f3 Nd7 17. Nxd7 Qxd7 18. Bc5 Rfe8 19. Rc1 Qe6 20. Qc2 Red8 21. Qc4 Qxc4 22. Rxc4 e5 23. dxe5 Rd2 24. f4 Rxa2 25. Kf3 Rb8 26. Rd1 h5 27. Rcd4 Rb5 28. Rd8+ Kh7 29. Be3 g5 30. R8d7 g4+ 31. Kf2 Rbb2 32. R1d2 Rxd2 33. Bxd2 Kg6 34. Rd6+ Kf5 35. Ke3 Ra3+ 36. Kd4 Ra4+ 37. Kd3 c5 38. Bc3 h4 39. e3 h3 40. Rc6 1-0

[Event "Isle of Man Grand Swiss"]
[Site "Douglas IMN"]
[Date "2019.10.11"]
[Round "2.27"]
[White "Bogdan-Daniel Deac"]
[Black "Daniil Dubov"]
[Result "1/2-1/2"]
[EventDate "2019.10.10"]
[WhiteElo "2613"]
[BlackElo "2699"]
[PlyCount "62"]

1. d4 Nf6 2. c4 e6 3. Nf3 d5 4. Nc3 c6 5. e3 Nbd7 6. Qc2 Bd6 7. Bd3 O-O 8. O-O dxc4 9. Bxc4 a6 10. Rd1 c5 11. dxc5 Bxc5 12. Bd3 Qe7 13. a3 b5 14. b4 Bb6 15. a4 Bb7 16. axb5 axb5 17. Rxa8 Rxa8 18. Bxb5 Bxf3 19. gxf3 Ne5 20. Be2 Qxb4 21. Qb2 Qxb2 22. Bxb2 Rd8 23. Rxd8+ Bxd8 24. Ne4 Ned7 25. Bb5 Be7 26. Bxf6 Nxf6 27. Nxf6+ Bxf6 28. f4 g6 29. Kg2 Be7 30. Kf3 Bd8 31. Ba4 Bc7 1/2-1/2

[Event "Isle of Man Grand Swiss"]
[Site "Douglas IMN"]
[Date "2019.10.10"]
[Round "1.23"]
[White "Daniil Dubov"]
[Black "Vasif Durarbayli"]
[Result "1/2-1/2"]
[EventDate "2019.10.10"]
[WhiteElo "2699"]
[BlackElo "2617"]
[PlyCount "112"]

1. Nf3 Nf6 2. c4 c5 3. Nc3 e6 4. g3 b6 5. Bg2 Bb7 6. O-O Be7 7. Re1 d5 8. cxd5 Nxd5 9. e4 Nb4 10. d4 cxd4 11. Nxd4 N8c6 12. Nxc6 Qxd1 13. Rxd1 Bxc6 14. Bf4 g5 15. Bd6 Bxd6 16. Rxd6 Ke7 17. e5 Bxg2 18. Kxg2 Rhd8 19. Rad1 Rac8 20. Ne4 h6 21. a3 Nd5 22. Rxd8 Rxd8 23. Rc1 f6 24. exf6+ Nxf6 25. Rc7+ Rd7 26. Rxd7+ Nxd7 27. f4 gxf4 28. gxf4 Kf7 29. Kf3 Kg6 30. Nd6 a6 31. Ke4 Nc5+ 32. Ke5 Nd3+ 33. Kxe6 Nxf4+ 34. Kd7 Nd3 35. b3 Nc5+ 36. Kc6 Nxb3 37. Kxb6 Kf6 38. Kxa6 Ke6 39. Nb7 Kd5 40. Kb6 h5 41. h4 Nd2 42. a4 Nb3 43. Nd8 Kd6 44. Nb7+ Kd5 45. Nd8 Kd6 46. Nf7+ Kd5 47. Ng5 Nd2 48. Kb5 Nc4 49. Nh7 Nd6+ 50. Kb6 Nc4+ 51. Kc7 Kc5 52. Nf6 Ne3 53. Nxh5 Ng2 54. Nf6 Nxh4 55. Ne4+ Kb4 56. Nc3 Ka5 1/2-1/2

[Event "73rd Moscow Blitz"]
[Site "Moscow RUS"]
[Date "2019.09.07"]
[Round "11.8"]
[White "Daniil Dubov"]
[Black "David Paravyan"]
[Result "1/2-1/2"]
[EventDate "?"]
[WhiteElo "2699"]
[BlackElo "2605"]
[PlyCount "68"]

1. d4 Nf6 2. Nf3 g6 3. g3 Bg7 4. Bg2 O-O 5. c4 c6 6. b3 d5 7. Bb2 Bf5 8. O-O Re8 9. e3 Nbd7 10. Qe2 Ne4 11. Rd1 Bg4 12. h3 Bxf3 13. Bxf3 e6 14. Bg2 Qe7 15. Nd2 Nxd2 16. Qxd2 Nf6 17. Qc2 Red8 18. a4 Rac8 19. Ba3 Qd7 20. Rac1 Bf8 21. Bxf8 Kxf8 22. b4 Kg7 23. Qb2 a6 24. Rc2 Qe7 25. Rdc1 Qd7 26. Bf3 Ne8 27. Rc3 Nd6 28. c5 Nf5 29. b5 axb5 30. axb5 Ra8 31. Rb3 Ra7 32. Ra1 Rda8 33. Ra6 h5 34. Kg2 Qd8 1/2-1/2

[Event "73rd Moscow Blitz"]
[Site "Moscow RUS"]
[Date "2019.09.07"]
[Round "16.5"]
[White "Alexey Sarana"]
[Black "Daniil Dubov"]
[Result "1/2-1/2"]
[EventDate "?"]
[WhiteElo "2651"]
[BlackElo "2699"]
[PlyCount "34"]

1. d4 d5 2. Nf3 Nf6 3. c4 e6 4. Nc3 Bb4 5. Bg5 h6 6. Bxf6 Qxf6 7. Qb3 Bxc3+ 8. Qxc3 c6 9. e3 O-O 10. Bd3 Nd7 11. O-O dxc4 12. Bxc4 b6 13. Rfd1 Bb7 14. Rd2 Rfd8 15. Rad1 Qe7 16. b4 a5 17. a3 axb4 1/2-1/2